000 00421nam a22001097a 4500
008 170821b xxu||||| |||| 00| 0 eng d
100 _aGemming, Elizabeth
245 _aLearning through stamps. Volume 1 : The world of art World of art
260 _bBarre, MA
_cBarre Publishers
_d1968
650 _aTopical Collecting | Art and Artists | Educational Aspects of Collecting | Archeology | Architecture
700 _aGemming, Klaus
999 _c2479
_d2479